| 000 | 00341nam a2200133Ia 4500 | ||
|---|---|---|---|
| 008 | 240624s9999 xx 000 0 und d | ||
| 041 | _aeng | ||
| 082 | _a658.4063 ART | ||
| 100 | _aARTEAGA REMY | ||
| 245 | _aPIVOT HOW TOP ENTREPRENEURS ADAPT AND CH | ||
| 260 |
_c2013 _aNew Jersey _bJohn Wiley & Sons |
||
| 300 | _a320 : p. | ||
| 365 |
_c _b28 |
||
| 999 |
_c22230 _d22230 |
||